Vplyv hospodárskej krízy na činnosť životných poisťovní bakalárska práca

Na minha lista:
Detalhes bibliográficos
Autor principal: Dugová, Nina
Autor Corporativo: Fakulta hospodárskej informatiky EU. Katedra matematiky
Outros Autores: Šoltésová, Tatiana, 1975-
Formato: Livro
Idioma:eslovaco
Publicado em: Bratislava 2010
Tags: Adicionar Tag
Sem tags, seja o primeiro a adicionar uma tag!

MARC

LEADER 00000nam$a2200000$$$4500
001 0129293
005 20240320073710.7
041 0 |a slo 
044 |a SK 
245 1 0 |a Vplyv hospodárskej krízy na činnosť životných poisťovní  |b bakalárska práca  |c Nina Dugová ; školiteľ: Tatiana Šoltésová 
264 1 |a Bratislava  |c 2010 
300 |a 47 s. 
100 1 |a Dugová, Nina 
700 1 |a Šoltésová, Tatiana, 1975- 
710 2 |a Fakulta hospodárskej informatiky EU. Katedra matematiky